Curso de matemática financiera y actuarial / (Record no. 82763)
[ view plain ]
| 000 -LEADER | |
|---|---|
| campo de control de longitud fija | 00600nam a2200169 i 4500 |
| 001 - NÚMERO DE CONTROL | |
| campo de control | 82763 |
| 003 - IDENTIFICADOR DE NÚMERO DE CONTROL | |
| campo de control | ES-MaACL |
| 005 - FECHA Y HORA DE LA ÚLTIMA TRANSACCIÓN | |
| campo de control | 20230906174728.0 |
| 007 - CAMPO FIJO DE DESCRIPCIÓN FÍSICA--INFORMACIÓN GENERAL | |
| campo de control de longitud fija | t| |
| 008 - DATOS DE LONGITUD FIJA--INFORMACIÓN GENERAL | |
| campo de control de longitud fija | 041111s1950 sp ||||1| spa d |
| 100 1# - ENTRADA PRINCIPAL--NOMBRE DE PERSONA | |
| Nombre de persona | Insolera, Filadelfo. |
| 9 (RLIN) | 65343 |
| 245 10 - MENCIÓN DEL TÍTULO | |
| Título | Curso de matemática financiera y actuarial / |
| Mención de responsabilidad, etc. | Filadelfo Insolera ; traducción del italiano, prólogo y notas por Luis Martínez Velasco. |
| 260 ## - PUBLICACIÓN, DISTRIBUCIÓN, ETC. | |
| Lugar de publicación, distribución, etc. | Madrid : |
| Nombre del editor, distribuidor, etc. | Aguilar, |
| Fecha de publicación, distribución, etc. | [1950] ( |
| Fabricante | Nuevas Gráficas) |
| 300 ## - DESCRIPCIÓN FÍSICA | |
| Extensión | XXVII, 484 p. : |
| Otras características físicas | il. ; |
| Dimensiones | 22 cm. |
| 700 0# - ENTRADA AGREGADA--NOMBRE PERSONAL | |
| Nombre de persona | Martínez de Velasco, Luis. |
| 9 (RLIN) | 78040 |
| 852 ## - LOCALIZACIÓN | |
| Ubicación | ES-MaACL |
| Número de control de estantería | D-7433 |
| Sublocalización o colección | R.30467 |
| Estatus retirado | Estado de pérdida | Estado de daño | No para préstamo | Biblioteca de origen | Biblioteca actual | Ubicación en estantería | Fecha de adquisición | Fuente de adquisición | Total de préstamos | Signatura topográfica completa | Código de barras | Visto por última vez | Precio de reemplazo | Tipo de ítem Koha |
|---|---|---|---|---|---|---|---|---|---|---|---|---|---|---|
| Biblioteca del Ateneo de Madrid | Biblioteca del Ateneo de Madrid | Sala Valle Inclán | 17/01/2008 | D-7433 | 901086495 | 23/02/2023 | 23/02/2023 | Libro impreso |
